00457nam a22001457a 4500082001200000100002200012100002400034100003700058245005800095260002700153300000800180700004000188700004400228700003900272 aR/6IT15 aAbdul Aleem Dahri aRoll No. 15BS(IT)59 aSupervisor - Dr. Mukhtiar Ahmed  aComputer Based Hospital Management Information System aNawabshahbQUESTc2019 a40p aMaryam Shaikh (Roll No. 15BS(IT)22) aSadaqat Ali Memon (Roll No. 15BS(IT)18) aDaniyal Asad (Roll No. 15BS(IT)25)